The Irishman Cast - Sudden Death - Statistics

General Stats
  • This quiz has been taken 50 times
  • The average score is 6 of 12
Answers on the Grid
Answers color-coded by a green-red scale on the quiz's grid according to % correct below.
Leonardo DiCaprio
Katherine Narducci
Forest Whitaker
Al Pacino
Robert De Niro
Jon Bernthal
Harley Quinn Smith
Margot Robbie
Sharon Stone
Stephen Graham
Austin Butler
Ray Romano
Anna Paquin
Winona Ryder
Daniel Day-Lewis
Sticky Fingaz
Alec Baldwin
Joe Pesci
John Carroll Lynch
Larry Romano
Mickey Rourke
Jack Huston
Bobby Cannavale
Harvey Keitel
Asa Butterfield
Jon Favreau
Jesse Plemons
Ray Winstone
Brendan Gleeson
Ray Liotta
 
Answer Stats
Answer % Correct
Robert De Niro
88%
Al Pacino
82%
Joe Pesci
82%
Ray Romano
59%
Stephen Graham
59%
Harvey Keitel
47%
Katherine Narducci
47%
Bobby Cannavale
41%
Jesse Plemons
41%
Anna Paquin
35%
Jack Huston
24%
Larry Romano
6%
No matching quizzes found
Score Distribution
Percent of People with Each Score
Percentile by Number Answered
Your Score History
You have not taken this quiz